Del cheque / (Record no. 160115)

MARC details
000 -LEADER
campo de control de longitud fija 00781nam a2200205 i 4500
001 - NÚMERO DE CONTROL
campo de control 160115
003 - IDENTIFICADOR DE NÚMERO DE CONTROL
campo de control ES-MaACL
005 - FECHA Y HORA DE LA ÚLTIMA TRANSACCIÓN
campo de control 20230906211935.0
008 - DATOS DE LONGITUD FIJA--INFORMACIÓN GENERAL
campo de control de longitud fija 981002s1885 cu |||| | spa d
040 ## - FUENTE DE CATALOGACIÓN
Centro catalogador/agencia de origen CCPB | B
Lengua de catalogación spa
Centro/agencia transcriptor CCPB | B
100 1# - ENTRADA PRINCIPAL--NOMBRE DE PERSONA
Nombre de persona Mora, Federico.
9 (RLIN) 130128
245 10 - MENCIÓN DEL TÍTULO
Título Del cheque /
Mención de responsabilidad, etc. por Federico Mora ; con un prólogo de Pedro González Llorente y una carta de Fernando Illas.
260 ## - PUBLICACIÓN, DISTRIBUCIÓN, ETC.
Lugar de publicación, distribución, etc. Habana :
Nombre del editor, distribuidor, etc. [s.n.],
Fecha de publicación, distribución, etc. 1885 (
Fabricante Imprenta del Gobierno y Capitanía General)
300 ## - DESCRIPCIÓN FÍSICA
Extensión XIII, 183, III p., [6] h. de lám. ;
Dimensiones 25 cm.
650 #4 - PUNTO DE ACCESO ADICIONAL DE MATERIA--TÉRMINO DE MATERIA
Término de materia o nombre geográfico como elemento de entrada Cheques.
9 (RLIN) 135761
700 11 - ENTRADA AGREGADA--NOMBRE PERSONAL
Nombre de persona Illas, Fernando.
9 (RLIN) 128163
700 1# - ENTRADA AGREGADA--NOMBRE PERSONAL
Nombre de persona González Llorente, Pedro.
9 (RLIN) 127418
852 ## - LOCALIZACIÓN
Ubicación ES-MaACL
Número de control de estantería C-3615
Nota libre -- Rust.
852 ## - LOCALIZACIÓN
Ubicación ES-MaACL
Número de control de estantería T-504-F-3
Nota libre .- Dedicatoria manuscrita del autor
Holdings
Estatus retirado Estado de pérdida Estado de daño No para préstamo Colección Biblioteca de origen Biblioteca actual Ubicación en estantería Fecha de adquisición Fuente de adquisición Total de préstamos Signatura topográfica completa Código de barras Visto por última vez Precio de reemplazo Tipo de ítem Koha
        Colección de folletos Biblioteca del Ateneo de Madrid Biblioteca del Ateneo de Madrid Depósito folletos 26/06/2013     T-504-F-3 1191492 23/02/2023 23/02/2023 Folleto
        Libros del s. XIX Biblioteca del Ateneo de Madrid Biblioteca del Ateneo de Madrid Sala Palomar 17/01/2008     C-3615 1167630 23/02/2023 23/02/2023 Libro impreso antiguo